000 01525nam a2200361 c 4500
003 BLK
005 20240418005323.0
008 180408b bul|||||r ||||||| ||bul||
010 _aKNG00069696000
020 _a954-480-065-4
_bиздат.: Жар - Жанет Аргирова
040 _aBLK
041 _aBUL
_cBUL
080 _aИстория на Ирландия
_b941.5
_x
_z941.5
100 1 _aМаккормак, Джон
_eпърви автор
_9292453
700 _aЗагорчев, Марин Иванов
_d1972-
_9368351
139 _aМаккормак, Джон
_bМ 19
245 1 0 _aИстория на Ирландия
_bХората и събитията, оформили облика на страната
_cДжон Маккормак; прев. от англ. Марин Иванов Загорчев.
257 _aIRL
260 София
_bЖар - Жанет Аргирова
_c2006
_fСофия : Симолини
300 _a344 с.
_bс ил., портр., к.
_c25 см
380 _a9
500 _aОриг. загл. A Story of Ireland / John McCormack. - Азб. показалец.
650 4 _aИрландия - история
_9279472
651 4 _aИрландия
_9257553
653 _aИрландия
653 _aистория
852 _aЦб 230200
856 4 _qpdf
_u
856 4 _qpdf
_u
942 _cKNG
_n0
_05
944 _aCR
_c28.11.2006
_lCRON CRON
_k
944 _aED
_c02.12.2014
_lф /
_kЛюдмила_Стоянова
999 _c65419
_d65419